GCSE Maths : (Record no. 109822)
[ view plain ]
| 000 -LEADER | |
|---|---|
| fixed length control field | 00423nam a2200157 a 4500 |
| 005 - DATE AND TIME OF LATEST TRANSACTION | |
| control field | 20140414093850.0 |
| 008 - FIXED-LENGTH DATA ELEMENTS--GENERAL INFORMATION | |
| fixed length control field | 130729s19uu xx uuu eng d |
| 020 ## - INTERNATIONAL STANDARD BOOK NUMBER | |
| International Standard Book Number | 9780199139446 |
| 050 ## - LIBRARY OF CONGRESS CALL NUMBER | |
| Classification number | QA 37.2 |
| Item number | Ap649cd 2010 |
| 100 ## - MAIN ENTRY--PERSONAL NAME | |
| Personal name | Appleton, marguerite |
| 245 ## - TITLE STATEMENT | |
| Title | GCSE Maths : |
| Remainder of title | For Edexcel / |
| Statement of responsibility, etc | Marguerite Appelton. |
| 260 ## - PUBLICATION, DISTRIBUTION, ETC. (IMPRINT) | |
| Place of publication, distribution, etc | Oxford : |
| Name of publisher, distributor, etc | Oxford Press, |
| Date of publication, distribution, etc | 2010. |
| 942 ## - ADDED ENTRY ELEMENTS (KOHA) | |
| Koha item type | Audio Visual Materials |
| Withdrawn status | Lost status | Damaged status | Use restrictions | Home library | Current library | Shelving location | Date acquired | Source of acquisition | Total Checkouts | Full call number | Barcode | Date last seen | Price effective from | Koha item type |
|---|---|---|---|---|---|---|---|---|---|---|---|---|---|---|
| Luxembourg Library | Luxembourg Library | Audio Visual Material Section | 07/29/2013 | QA 37.2 Ap649cd 2010 | AV1517 | 04/14/2014 | 04/14/2014 | Audio Visual Materials | ||||||
| Luxembourg Library | Luxembourg Library | Audio Visual Material Section | 07/29/2013 | QA 37.2 Ap649cd 2010 | AV1516 | 04/14/2014 | 04/14/2014 | Audio Visual Materials |